000 00453nmm a2200157Ia 4500
008 251105s9999||||xx |||||||||||||||||und||
020 _a9788498385007
041 _aspa
100 _aStreatfeild, Noel
245 0 _aLas zapatillas de ballet
264 _a[Madrid, España] :
_bEdiciones Salamandra,
_c2013
300 _a224 páginas
650 _aTeen & Young Adult Fiction
856 _uhttps://public.digitaliapublishing.com/a/48234
942 _cCF
999 _c91740
_d91740